000 01707cam a22004694i 4500
003 PE-LiUPU
005 20250731173135.0
008 150623s r 000 0 d
020 _a0884490440
035 _a(Sirsi) i9780884490449
040 _aPE-LiUPU
_bspa
_cPE-LiUPU
_erda
049 _aPRUA
082 0 4 _a289.9
_bM26
_221
100 1 _aRalston, Martín walter,
_eautor.
245 1 0 _aRise of the cults /
_cWalter Ralston Martin.
264 1 _aSanta Ana, California :
_bVision House,
_c1980.
300 _a148 páginas ;
_c21 centímetros
336 _atext
_2rdacontent
337 _aunmediated
_2rdamedia
338 _avolume
_2rdacarrier
504 _aIncluye referencias bibliográficas.
505 0 _aCultism today. -Jehovah's witnesses. -Armstrong's worldwide Church of God. -The mormon maze. -The crux of christian science. -The unity school of christianity. -Spiritism, faith in the dead. -The baha'i cult. -The sleeping giant of orthodoxy.
526 _aSEG42
526 _aSEG41
526 _aSEG40
526 _aSEG39
526 _aP94
526 _aP87
526 _aP86
526 _aP85
526 _aP77
526 _aP76
526 _aP35
650 0 4 _aReligión.
_95128
650 0 4 _aSectas
_zEstados Unidos.
942 _2ddc
_cBOOK
949 _a289.9 M26
_wDEWEY
_c1
_i52224
_lCCODEBUL1
_mBUL
_p8.00
_r0
_sY
_tBOOK
_u2015-6-24
_xTEOLOGIA
_PP35
_0COMPRA
_o.STAFF. Colección General
994 _aC0
_bPEPRU
596 _a1
999 _a289.9 M26
_wDEWEY
_c34037
_i52224
_f2021-11-11
_g5
_lCCODEBUL1
_mBUL
_p8.00
_r0
_sY
_tBOOK
_u2015-6-24
_xTEOLOGIA
_PP35
_0COMPRA
_o.STAFF. Colección General
_d34037
980 _81
_gALBERTO SANCHEZ Responsable de Automatización